Catalog of the termites (Isoptera) of the world.

Bibliographic Details
Main Author: Snyder, Thomas Elliott, 1885-1970
Format: Government Document Book
Language:English
Published: Washington : Smithsonian Institution, 1949.
Series:Smithsonian miscellaneous collections ; v. 112.
Subjects:

MARC

Tag First Indicator Second Indicator Subfields
LEADER 00000cam a22000001 4500
001 in00002329413
005 20171209064814.0
008 760706s1949 dcu b f000 0 eng
010 |a  49047072  
029 1 |a NLGGC  |b 174746091 
029 1 |a NZ1  |b 6754776 
035 |a (OCoLC)ocm02298248 
035 |a (OCoLC)2298248 
040 |a DLC  |c SBM  |d DLC  |d VIC  |d OCLCQ  |d TXA  |d UtOrBLW 
049 |a TXAM 
050 0 0 |a Q11  |b .S7 v.112 
086 0 |a SI 1.7:112 
090 |a QL513.T3  |b S495 1949 
100 1 |a Snyder, Thomas Elliott,  |d 1885-1970. 
245 1 0 |a Catalog of the termites (Isoptera) of the world. 
264 1 |a Washington :  |b Smithsonian Institution,  |c 1949. 
300 |a 305 pages ;  |c 24 cm. 
336 |a text  |b txt  |2 rdacontent 
337 |a unmediated  |b n  |2 rdamedia 
338 |a volume  |b nc  |2 rdacarrier 
490 1 |a Smithsonian miscellaneous collections ;  |v v. 112 
490 0 |a Publication 3953 
504 |a "Bibliography on the taxonomy of the termites of the world": pages 458-490. 
650 0 |a Termites. 
830 0 |a Smithsonian miscellaneous collections ;  |v v. 112. 
948 |a cataloged  |b h  |c 2007/11/8  |d c  |e jgreene  |f 4:33:37 pm 
994 |a C0  |b TXA 
999 |a MARS 
999 f f |s 8663bf2c-4f22-3353-8837-db8193da7579  |i 8b0e9ac9-0c9e-3754-93df-8d6890a51e0c  |t 0 
952 f f |p ric  |a Texas A&M University  |b Rellis Campus  |c Joint Library Facility  |d Remote Storage  |t 0  |e QL513.T3 S495 1949  |h Library of Congress classification  |i unmediated -- volume  |m A14834381396 
998 f f |a QL513.T3 S495 1949  |t 0  |l Remote Storage